00611nam a2200193Ia 4500008004100000020001800041082001200059100002100071245004300092250000900135260004100144300002300185500001900208600001500227650001500242942000700257952013600264999001700400240925s9999 xx 000 0 und d a9788131532751 a658 DAF aDaft, Richard L. 0aNew Era of Management with Course Mate a11th aAustralia:bCENGAGE Learningc,2014. a418p.b0fOriginal aIncludes Index aManagement aManagement cBK 001040708MANaUITUbUITUd2018-12-27eBook World Internationalg1352.00l0o658 DAFpQ12939r2024-09-25 07:16:40w2024-09-25yBK c15438d15438